00670nam a2200241 a 4500001001300000003000900013005001700022008004100039020001100080082001500091100002100106245001500127260004600142300000900188500003500197505001400232650002000246700002100266902000800287942000700295952011100302999001500413nice12345678IN_TiNIC20260116011517.0050524s1963 dela grp 000 0 per  ac2.2500a297.5bAZA aAzad, Abul Kalam aSada-I-Haq aDelhi bPayam-E-mashriq Book Depot c1963 a120p aincludes index and biblioraphy2 areference aIslam-Doctrines1 aAzad, Abul Kalam bSRS cBK 001040708StackRoom-aHMIbHMId2007-07-03g2.25l0o297.5 AZAp04857r2007-07-03v2.25w2005-05-24yBK c2170d2170